Presente y futuro de la lengua española: actas de la asamblea de filología del I congreso de instituciones hispánicas
Guardat en:
| Format: | Llibre |
|---|---|
| Idioma: | espanyol |
| Publicat: |
Madrid
Cultura Hispanica
1963
|
| Matèries: | |
| Etiquetes: |
Afegir etiqueta
Sense etiquetes, Sigues el primer a etiquetar aquest registre!
|
MARC
| LEADER | 00000nam a2200000 a 4500 | ||
|---|---|---|---|
| 001 | UCJ9884 | ||
| 003 | CL-VaPUC | ||
| 008 | 070413e19630000SP |||||||||||||||||spa|d | ||
| 082 | 0 | 4 | |a 467.98 |b PRE |2 21 |
| 245 | 1 | 0 | |a Presente y futuro de la lengua española: actas de la asamblea de filología del I congreso de instituciones hispánicas |
| 300 | |a v | ||
| 942 | |c BK | ||
| 945 | |d 20070413 00:00:00 |a jtorresc | ||
| 260 | |a Madrid |b Cultura Hispanica |c 1963 | ||
| 500 | |a Donación del Dr. Luis Gómez Macker | ||
| 650 | 0 | |a Español |9 255372 | |
| 650 | 0 | |a Lingüística |9 265068 | |
| 583 | |a last modification |c 20070413 00:00:00 |k Rodrigo Vera | ||
| 999 | |c 325227 |d 325225 | ||
| 952 | |0 0 |1 0 |4 0 |6 467_980000000000000_PRE_1963 |7 0 |8 A |9 405861 |a FDOPOS |b FDOPOS |d 2019-11-22 |h v.2 |i 4274288 |o 467.98 PRE 1963 |p 4274288 |r 2025-01-22 |w 2019-11-22 |y BK |k MLA | ||